| 000 | 00698nam a2200181 a 4500 | ||
|---|---|---|---|
| 005 | 20240911064644.0 | ||
| 008 | 040614s1994 mx r 000 0 spa d | ||
| 035 | _aUPN01000133715 | ||
| 049 | _aCG | ||
| 050 | 4 |
_aLB1029 C7 _bT6.2 |
|
| 100 | 1 | _aTorres Lima, Héctor Jesús | |
| 245 | 1 | 3 |
_aLa comunicación educativa : _bobjeto de estudio y áreas de trabajo / _cHéctor Jesús Torres Lima. |
| 260 |
_aMéxico : _bH. J. Torres Lima, _c1994. |
||
| 300 | _a238 h. | ||
| 502 | _aTesis (Maestría en Pedagogía) -- Universidad Nacional Autónoma de México. Facultad de Filosofía y Letras. División de Estudios de Posgrado, 1994 | ||
| 650 | 4 |
_aComunicación en la educación _91520 |
|
| 905 | _aLibro | ||
| 999 |
_c105866 _d105866 |
||